000 00491nam a2200145 a 4500
008 120416s0000 ||||||||||||||||| || u
020 _a0582412331
050 _aTA 439 Gun
100 _aGunning, J. G
245 1 0 _aConcrete technology, level 4
260 _aLondon
_bLongman
_c1983
300 _aviii, 294p. : ill
350 _a0.00
995 _D0.00
_FCBU-MAIN LIBRARY (Kitwe)
_H1
_I8.50
_M1
_UAVAILABLE
_ZMain Library Open Access Collection
999 _c38390
_d38390